000 00542nam a2200157Ia 4500
003 GCL
008 140319s9999 xx 000 0 ara d
040 _aGCL /
_cGCL
082 0 4 _aط
_b371.2
_bا م
100 1 _aاحمد محمد صقر
245 1 0 _aالموسوعة التربوية لرياض الاطفال فى مبادى القراءة والكتابة للمبتدئين (المستوى الثانى) /
_cاحمد محمد صقر
490 _a
650 0 4 _aالاطفال
650 0 4 _aتعليم الاطفال
942 _2ddc
_cBK
999 _c44640
_d44640